Concise oxford dictionary of current English (Record no. 4)
[ view plain ]
| 000 -LEADER | |
|---|---|
| fixed length control field | 00615nam a2200169Ia 4500 |
| 020 ## - INTERNATIONAL STANDARD BOOK NUMBER | |
| ISBN | 19 562659 1 |
| 082 ## - DEWEY DECIMAL CLASSIFICATION NUMBER | |
| Classification number | RR 423 CON- |
| 245 #0 - TITLE STATEMENT | |
| Title | Concise oxford dictionary of current English |
| 260 ## - PUBLICATION, DISTRIBUTION, ETC. (IMPRINT) | |
| Place of publication | Delhi |
| Name of publisher | Oxford University Press |
| Year of publication | 1990 |
| 500 ## - GENERAL NOTE | |
| General note | contents: Acc.no. 261. (5th rev. ed.), (E. Mcintosh), (1964), (1555p.) - Acc.no. 34343 (8th rev. ed.), (R.E. Allen), (1990), (xxxix), (1454p.) - Acc.no.D15 (9th ed.), (0195638042), (xxi, 1673p.) |
| 650 ## - SUBJECT ADDED ENTRY--TOPICAL TERM | |
| Topical Term | English language - Dictionaries |
| 700 ## - ADDED ENTRY--PERSONAL NAME | |
| Personal name | Mcintosh, E. |
| 700 ## - ADDED ENTRY--PERSONAL NAME | |
| Personal name | Fowler, F.G. |
| 700 ## - ADDED ENTRY--PERSONAL NAME | |
| Personal name | Fowler, H.W. |
| 700 ## - ADDED ENTRY--PERSONAL NAME | |
| Personal name | Allen, R.E. |
| 942 ## - ADDED ENTRY ELEMENTS (KOHA) | |
| Koha item type | Books |
| Source of classification or shelving scheme | Dewey Decimal Classification |
| Withdrawn status | Lost status | Damaged status | Not for loan | Collection code | Home library | Current library | Date acquired | Full call number | Accession Number | Price effective from | Koha item type | Bill Date |
|---|---|---|---|---|---|---|---|---|---|---|---|---|
| Dictionaries | NASSDOC Library | NASSDOC Library | 08/06/2004 | RR 423 CON- | 261 | 18/04/2019 | Reference Books | |||||
| Dictionaries | NASSDOC Library | NASSDOC Library | 08/06/2004 | RR 423 CON- | 34343 | 18/04/2019 | Reference Books | 2008-12-30 | ||||
| Dictionaries | NASSDOC Library | NASSDOC Library | 01/02/2019 | RR 423 CON- SL1 | D000015 | 18/04/2019 | Reference Books | 2005-02-11 |
